Euroopan itsehallintoalueiden lippuja - Statistics

Yleistilastot
  • Tätä visaa on pelattu 44 kertaa
  • Keskiarvotulos 9 / 24
Vastaustilastot
Kuvavisa Hint Vastaus % Oikein
Suomi Ahvenanmaa
100%
Tanska Färsaaret
82%
Espanja Katalonia
82%
Iso-Britannia Mansaari
68%
Iso-Britannia Gibraltar
64%
Ranska Korsika
55%
Iso-Britannia Jersey
50%
Portugali Madeira
45%
Iso-Britannia Pohjois-Irlanti
45%
Italia Sardinia
45%
Portugali Azorit
41%
Espanja Kanariansaaret
36%
Italia Sisilia
36%
Venäjä Karjala
32%
Venäjä Tšetšenia
32%
Venäjä Krim
23%
Romania Transnistria
23%
Espanja Baleaarit
14%
Venäjä Udmurtia
14%
Kreikka Athos-vuori
9%
Venäjä Mordva
9%
Serbia Vojvodina
9%
Venäjä Karatšai-Tšerkessia
5%
Venäjä Nenetsia
5%
Ehtoja vastaavia visoja ei löytynyt
Tulosjakauma
Jokaisen tuloksen saaneiden osuus
Persentiili vastausten määrän mukaan
Tuloshistoriasi
Et ole pelannut tätä visaa